| 000 | 00852cam a22002771 4500 | ||
|---|---|---|---|
| 001 | 11875 | ||
| 003 | BD-RjUL | ||
| 005 | 20211208235210.0 | ||
| 008 | 140127s1963 ohua b 000 0 eng | ||
| 035 | _a(BD-RjUL)11924 | ||
| 035 | _a(OCoLC)239468 | ||
| 040 |
_aDLC _cOUrC _dOCoLC _dBD-RjUL _beng |
||
| 041 | _aeng | ||
| 082 |
_a901.9 _bCAM 1963 |
||
| 100 | 1 |
_aCarrington, Richard. _936797 |
|
| 245 | 1 | 2 |
_aA million years of man : _bthe story of human development as a part of nature / |
| 250 | _a[1st ed.] | ||
| 260 |
_aCleveland, _bWorld Pub. Co. _c1963. |
||
| 300 |
_axvi, 335 p. : _billus. ; _c23 cm. |
||
| 504 | _aBibliography: p. 309-320. "Suggestions for further reading": p. 321. | ||
| 650 | 0 |
_aPrehistoric peoples. _936798 |
|
| 650 | 0 |
_aCivilization _xHistory. _96414 |
|
| 942 |
_2ddc _cBK |
||
| 999 |
_c11875 _d11875 |
||